000 00498nam a2200193Ia 4500
005 20230626105319.0
008 131103s9999 xx 000 0 und d
020 _a586208313
040 _aLoreto College
041 _aEnglish
082 _aF
_bBRA
100 _aBradford,Barbara Taylor
245 2 _aA Women of substance
_cBarbara Taylor Bradford
260 _aLondon
_bHarperCollins Publishers
_c1993
300 _a878 p.
650 _aFiction in English
850 _aLCLIB
942 _cBK
999 _c16361
_d66840